[Event "Hunan Belt and Road Open 2019"]
[Site "Hunan"]
[Date "2019.08.01"]
[Round "4.1"]
[White "Wei, Yi"]
[Black "Cheparinov, Ivan"]
[Result "1/2-1/2"]
[WhiteElo "2737"]
[BlackElo "2666"]
[Annotator "TA"]
[PlyCount "32"]
[EventDate "2019.07.29"]
[EventType "swiss"]
[EventCountry "CHN"]
[SourceTitle "playchess.com"]
[Source "ChessBase"]
[SourceQuality "1"]

{[%evp 9,32,-2,-8,-17,0,0,0,0,0,0,0,10,18,16,16,2,0,0,6,-17,0,0,15,-20,9]} 1. Nf3 ({Predecessor:} 1. d4 Nf6 2. c4 c5 3. dxc5 Qa5+ 4. Nd2 Qxc5 5. Ngf3 g6 6. e3 d6 7. b3 Bg7 8. Bb2 O-O 9. Be2 b6 10. O-O {½-½ (30) Ballon,G (2163)-Matocha,P (2012) Triesen 2007}) 1... Nf6 2. d4 g6 3. b3 Bg7 4. Bb2 O-O 5. Nbd2 c5 {The position is equal.} 6. dxc5 {A48: 1 d4 Nf6 2 Nf3 g6: Torre, London and Colle Systems} Qa5 7. e3 Qxc5 8. c4 b6 9. Be2 Bb7 10. O-O d6 $146 (10... Qc7 11. Rc1 {1-0 (48) Kramnik,V (2800)-Grischuk,A (2767) Berlin 2018}) 11. Nd4 Nbd7 12. Bf3 Qc7 13. Nb5 Qb8 14. Nd4 Qc7 15. Nb5 Qb8 16. Nd4 Qc7 {Accuracy: White = 70%, Black = 66%.} 1/2-1/2

[Event "Hunan Belt and Road Open 2019"]
[Site "Hunan"]
[Date "2019.08.01"]
[Round "4.2"]
[White "Yu, Yangyi"]
[Black "Ganguly, Surya Shekhar"]
[Result "1/2-1/2"]
[WhiteElo "2736"]
[BlackElo "2638"]
[Annotator "TA"]
[PlyCount "255"]
[EventDate "2019.07.29"]
[EventType "swiss"]
[EventCountry "CHN"]
[SourceTitle "playchess.com"]
[Source "ChessBase"]
[SourceQuality "1"]

{[%evp 13,255,12,23,27,37,37,32,31,41,28,30,21,45,22,23,17,96,96,95,86,91,81,105,97,102,102,105,75,74,53,53,53,53,53,54,53,53,53,54,54,54,54,61,6,64,6,6,6,9,6,28,0,0,0,0,0,0,0,27,24,21,29,30,11,30,9,25,12,11,10,20,24,24,20,26,20,20,20,20,20,32,12,62,62,62,28,31,28,62,62,62,62,62,62,62,62,62,62,62,0,0,0,62,62,62,62,62,62,62,62,62,62,62,62,62,62,62,62,62,36,51,35,36,36,36,35,55,36,59,59,62,62,62,62,62,62,66,66,66,66,66,66,66,66,66,70,70,66,70,70,70,70,70,70,70,70,70,51,51,8,8,0,8,8,8,0,0,0,0,0,0,0,8,0,0,0,0,0,0,0,0,0,0,0,0,0,0,0,0,0,0,0,0,0,0,0,0,0,0,0,0,0,0,0,0,0,0,0,0,0,0,0,0,0,0,0,0,0,0,0,0,0,0,0,0,0,0,0,0,0,0,0,0,0,0,0,0,0,0,0,0,0,0,0]} 1. d4 Nf6 2. c4 e6 3. Nc3 d5 4. cxd5 exd5 5. Bg5 c6 6. e3 h6 7. Bh4 Bf5 8. Qf3 {D35: Queen's Gambit Declined: Exchange Variation} Bh7 9. Bxf6 $1 Qxf6 10. Qxf6 {White is slightly better.} gxf6 11. Nge2 (11. Kd2 Nd7 12. Nf3 Nb6 13. Bd3 Nc4+ 14. Bxc4 dxc4 15. b3 cxb3 16. axb3 {1-0 (64) So,W (2780)-Duda,J (2737) chess.com INT 2018}) 11... Nd7 12. Ng3 $146 ({Predecessor:} 12. Nf4 Bd6 13. g3 O-O-O 14. a3 Kb8 15. Kd2 Nb6 {½-½ (26) Hoeppenstein,M (2230)-Rohs,R (2220) ICCF email 2013}) 12... Nb6 13. O-O-O Bb4 14. Bd3 O-O (14... Bxc3 $11 {keeps the balance.} 15. bxc3 Bxd3 16. Rxd3 O-O-O) 15. Nce2 $16 Nc8 16. Nf4 Bxd3 17. Nxd3 a5 18. a3 Be7 19. Nf5 Kh7 20. h4 Re8 21. Rh3 Nd6 22. Rf3 {Nxd6 is the strong threat.} Nxf5 23. Rxf5 Kg6 24. g4 Bd6 $1 25. Kd2 Re7 26. h5+ Kg7 27. Rh1 Rae8 28. Rh3 ({White should try} 28. Nc1 $14) 28... Re6 (28... Re4 $1 $11) 29. f4 (29. Rhf3 $14) 29... Be7 $11 30. Rf3 Kg8 31. Nf2 Bd8 32. Kd3 a4 33. Nd1 b6 34. Rf2 b5 35. Re2 Be7 36. Nc3 Rd8 37. e4 dxe4+ 38. Rxe4 Kg7 39. d5 Bc5 40. g5 hxg5 41. fxg5 fxg5 42. Rxg5+ Kh6 43. Rxe6+ fxe6 {[%mdl 4096] Endgame KRB-KRN} 44. Rg6+ Kxh5 45. Rxe6 cxd5 46. Rc6 Bf2 47. Rc7 b4 48. axb4 Kg6 49. Rc6+ Kf5 50. b5 {Black must now prevent b6.} Rb8 51. Rh6 Bc5 52. Rh5+ Ke6 53. Nxd5 {Hoping for Nf4+.} a3 54. Nf4+ {[%mdl 64] [#] Discovered Attack} Kd7 $1 55. Rxc5 $14 {KRN-KR} a2 56. Rd5+ Kc8 57. Rc5+ Kd7 58. Rc1 {[#] And now Ra1 would win.} Rxb5 59. Rd1 {Strongly threatening Kc4+.} a1=Q 60. Rxa1 Rxb2 61. Ra6 Rb4 62. Nd5 Rh4 63. Ke3 Rh1 64. Kd4 Rd1+ 65. Ke5 Re1+ 66. Kf6 Rf1+ 67. Kg7 Rf2 68. Kg6 Rf1 69. Ne3 Rf2 70. Nf5 Rg2+ 71. Kf6 Rf2 72. Ke5 Re2+ 73. Kd5 Rd2+ 74. Nd4 Rd1 75. Ra7+ Ke8 76. Ke5 Re1+ 77. Kd6 Rd1 78. Kd5 Kd8 79. Ke5 Ke8 80. Nc6 Re1+ 81. Kf6 Rf1+ 82. Ke6 $1 {[%cal Ra7a8]} Re1+ 83. Ne5 {[%cal Ra7a8]} Kd8 84. Rh7 Re2 85. Rh3 (85. Rg7 {looks sharper.} Re1 86. Ra7 Kc8 87. Kd6 Rd1+ 88. Kc5) 85... Kc7 86. Rc3+ Kb6 {The position is equal.} 87. Kd6 Rd2+ 88. Nd3 Kb5 89. Kc7 Rh2 90. Rc5+ Ka4 91. Kc6 Rh6+ 92. Kd5 Rh5+ 93. Ne5 Kb4 94. Rc8 Kb3 95. Kd4 Rh4+ 96. Kc5 Rh5 97. Kd5 Kb4 98. Rc4+ Kb3 99. Re4 Kc3 100. Kc5 Rh8 101. Re3+ Kd2 102. Nc4+ Kc2 103. Nd6 Rd8 104. Rh3 Kd2 105. Nf5 Rc8+ 106. Kd5 Rd8+ 107. Nd6 Ke2 108. Ke5 Kd1 109. Rh2 Ke1 110. Nc4 Re8+ 111. Kf4 Rf8+ 112. Ke4 Re8+ 113. Kd3 Rd8+ (113... Re2 {is interesting.}) 114. Kc3 Rc8 115. Rc2 Kf1 116. Kd3 {Threatening mate with Ne3+.} Rd8+ 117. Ke4 Re8+ 118. Ne5 (118. Kd3 {seems wilder.}) 118... Ke1 119. Kf4 Kd1 120. Ra2 Rf8+ 121. Ke4 Re8 122. Rh2 Ke1 123. Kd4 Kd1 124. Nf3 Rd8+ 125. Kc3 Rc8+ 126. Kd3 {[%cal Rh2h1]} Rd8+ 127. Nd4 {[%cal Rh2h1]} Ke1 128. Ra2 {Accuracy: White = 52%, Black = 75%.} 1/2-1/2

[Event "Hunan Belt and Road Open 2019"]
[Site "Hunan"]
[Date "2019.08.01"]
[Round "4.3"]
[White "Anton Guijarro, David"]
[Black "Wang, Hao"]
[Result "1/2-1/2"]
[WhiteElo "2678"]
[BlackElo "2725"]
[Annotator "TA"]
[PlyCount "69"]
[EventDate "2019.07.29"]
[EventType "swiss"]
[EventCountry "CHN"]
[SourceTitle "playchess.com"]
[Source "ChessBase"]
[SourceQuality "1"]

{[%evp 14,69,0,6,0,0,0,4,13,13,5,0,0,-11,32,31,34,31,35,5,81,83,55,48,53,45,41,44,35,21,23,22,28,23,28,19,33,22,16,22,35,30,25,0,0,0,0,1,16,8,8,10,11,15,19,0,0,0]} 1. c4 Nf6 2. Nf3 e6 3. g3 d5 4. Bg2 d4 5. e3 c5 6. O-O Nc6 7. exd4 cxd4 8. d3 Bd6 {A13: English Opening: 1...e6} 9. Na3 {[%cal Bb1a3,Ba3c2,Bc2e1,Be1d3,Bd3b4,Bb4d5][%mdl 32]} (9. Bg5 h6 10. Bxf6 Qxf6 11. Nbd2 Qe7 12. a3 a5 13. Ne4 Bc7 14. b4 axb4 15. axb4 Rxa1 16. Qxa1 Qxb4 {0-1 (43) Maghsoodloo,P (2673)-Matlakov,M (2692) Sharjah 2019}) 9... O-O 10. Nc2 e5 11. b4 a6 12. c5 Bc7 13. a4 e4 $146 ({Predecessor:} 13... Bg4 14. b5 axb5 15. axb5 Rxa1 16. Nxa1 {½-½ (30) Thompson,B (2315)-Guberna,A (2359) ICCF email 2015}) 14. dxe4 {[%cal Rf3d4]} d3 15. Nce1 Nxb4 16. Ba3 Nc6 (16... a5 $11 {keeps the balance.}) 17. Nxd3 $16 Nxe4 18. Qc2 Ng5 19. Nxg5 Qxg5 20. Nb4 Bf5 21. Qc1 Qg6 22. Nd5 Be5 23. Bb2 Bxb2 24. Qxb2 Be4 $1 25. Rfe1 Bxg2 26. Kxg2 Qf5 27. Rad1 Rab8 $1 28. Qb6 {[#] aiming for Qxc6!} Qc2 {The position is equal.} 29. a5 h6 30. Nb4 Qc4 31. Nxc6 bxc6 32. Qxc6 {And now Rc1 would win.} Rbc8 33. Qd6 {Threatening Rc1.} Qxc5 34. Qxa6 Ra8 35. Qb6 {Accuracy: White = 71%, Black = 76%.} 1/2-1/2

[Event "Hunan Belt and Road Open 2019"]
[Site "Hunan"]
[Date "2019.08.01"]
[Round "4.4"]
[White "Nguyen, Ngoc Truong Son"]
[Black "Vallejo Pons, Francisco"]
[Result "1/2-1/2"]
[WhiteElo "2636"]
[BlackElo "2687"]
[Annotator "TA"]
[PlyCount "40"]
[EventDate "2019.07.29"]
[EventType "swiss"]
[EventCountry "CHN"]
[SourceTitle "playchess.com"]
[Source "ChessBase"]
[SourceQuality "1"]

{[%evp 14,40,24,17,21,15,32,32,30,18,21,0,0,8,23,0,9,0,6,0,0,-25,-25,-17,-10,-14,-5,-5,-5]} 1. e4 c5 2. Nf3 d6 3. d4 cxd4 4. Qxd4 Nc6 5. Bb5 a6 6. Bxc6+ bxc6 7. O-O e5 8. Qd3 Nf6 {B51: Sicilian: Moscow Variation (3 Bb5+) without 3...Bd7} (8... Be7 9. c4 Qc7 10. Rd1 Nf6 11. Nc3 O-O 12. h3 Rb8 13. b3 Nd7 14. Ba3 Nc5 15. Bxc5 dxc5 16. Qe3 {1-0 (26) Wang,H (2711)-Idani,P (2599) Kuala Lumpur 2018}) 9. c4 Bg4 10. Nc3 Nd7 {White is slightly better.} 11. Na4 $146 ({Predecessor:} 11. h3 Nc5 12. Qe3 Bxf3 13. Qxf3 Ne6 14. Be3 Be7 15. Rfd1 Bf6 16. c5 Nd4 17. Bxd4 exd4 18. Ne2 dxc5 19. e5 Be7 20. Qxc6+ Kf8 21. b4 cxb4 22. Nxd4 {1-0 (22) Matanovic,A-Pirc,V Maribor 1967}) 11... Be7 12. b3 O-O 13. Ba3 c5 14. Nc3 Nb8 15. b4 Nc6 16. bxc5 dxc5 17. Qxd8 Rfxd8 18. Nd5 Bf8 {The position is equal.} 19. Nd2 Rab8 20. f3 Be6 {Accuracy: White = 23%, Black = 48%.} 1/2-1/2

[Event "Hunan Belt and Road Open 2019"]
[Site "Hunan"]
[Date "2019.08.01"]
[Round "4.5"]
[White "Amin, Bassem"]
[Black "Zeng, Chongsheng"]
[Result "1-0"]
[WhiteElo "2707"]
[BlackElo "2551"]
[Annotator "TA"]
[PlyCount "93"]
[EventDate "2019.07.29"]
[EventType "swiss"]
[EventCountry "CHN"]
[SourceTitle "playchess.com"]
[Source "ChessBase"]
[SourceQuality "1"]

{[%evp 10,93,25,27,32,22,29,37,35,33,39,12,32,22,16,21,62,42,79,33,38,32,84,77,86,70,104,54,75,74,70,63,115,112,120,110,95,62,126,116,137,49,50,29,39,35,55,40,41,35,109,102,279,267,354,372,357,366,370,360,394,391,395,385,374,221,213,212,185,105,261,261,252,164,332,318,748,763,750,746,693,677,29997,29998,29998,29999]} 1. e4 c5 2. Nf3 Nc6 3. Bb5 e6 4. O-O Nge7 5. d4 cxd4 6. Nxd4 Nxd4 {B30: Sicilian: 2...Nc6 3 Bb5, lines without ...g6} 7. Qxd4 a6 8. Be2 Nc6 {White is slightly better.} 9. Qc3 b5 10. a4 b4 11. Qg3 h5 $146 ({Predecessor:} 11... Bb7 12. Bg5 Be7 13. Bxe7 Qxe7 14. Qxg7 {1-0 (44) Areshchenko,A (2664)-Krasenkow,M (2636) Baku 2014}) 12. Nd2 h4 13. Qe3 $1 Ne5 14. f4 Qc7 {[#] aiming for ...Bc5.} 15. Nb3 $36 {[%mdl 2048] White has the initiative.} ({Avoid the trap} 15. fxe5 $2 Bc5 $19) 15... Nc6 (15... Nc4 $14 16. Qd3 Nd6) 16. a5 Be7 17. Qb6 Bd8 18. Be3 d6 {Hoping for ...Qd7.} 19. Qxc7 Bxc7 20. Rfd1 Ke7 (20... Rb8 $14) 21. e5 $16 d5 22. Bc5+ Kd7 23. Rd3 g5 (23... Rb8 $14) 24. fxg5 Nxe5 25. Rd4 (25. Re3 $16) 25... Bd8 $14 26. g6 Nxg6 27. Rxb4 Bc7 28. Rf1 f5 29. c4 {Threatens to win with cxd5.} dxc4 ({Better is} 29... Nf4 $14 30. Bf3 Rb8) 30. Bxc4 $16 h3 $2 {[#]} (30... Rb8 $16 {was worth a try.}) 31. Re1 $1 $18 Ne5 32. Bd4 Nxc4 33. Bxh8 Nxa5 34. Nc5+ Ke7 35. Rh4 Bb6 36. Bd4 Nc6 37. Nxe6 (37. Rh7+ $142 Kd6 38. Nb7+ {[%mdl 64] Discovered Attack} Bxb7 39. Bxb6) 37... Nxd4 38. Nxd4+ Kf7 39. gxh3 ({White should try} 39. Rd1 $18) 39... Rb8 $2 (39... Be6 $16 {is a better defense.}) 40. Kf1 a5 41. Re5 {Black must now prevent Nc6.} Kg6 $2 (41... Bd8 42. Nc6 (42. Nxf5 Bxh4 43. Nxh4 Rxb2 $11) 42... Bxh4 43. Nxb8 a4) 42. Nc6 Ba6+ $2 (42... Kg5 43. Rh7 (43. Nxb8 Kxh4 44. Ke2 Kxh3 $18) 43... Rb7) 43. Ke1 Rb7 44. Re6+ Kg5 45. Rhh6 {Intending Reg6+ and mate.} a4 46. Reg6+ Kf4 47. Rh4+ {Accuracy: White = 57%, Black = 29%.} 1-0

[Event "Hunan Belt and Road Open 2019"]
[Site "Hunan"]
[Date "2019.08.01"]
[Round "4.6"]
[White "Matlakov, Maxim"]
[Black "Megaranto, Susanto"]
[Result "1/2-1/2"]
[WhiteElo "2701"]
[BlackElo "2545"]
[Annotator "TA"]
[PlyCount "80"]
[EventDate "2019.07.29"]
[EventType "swiss"]
[EventCountry "CHN"]
[SourceTitle "playchess.com"]
[Source "ChessBase"]
[SourceQuality "1"]

{[%evp 9,80,8,15,12,51,46,45,37,42,34,72,72,70,68,54,58,66,54,61,9,18,0,2,-7,-3,-20,-41,-40,16,14,19,27,22,15,33,23,20,24,27,25,37,35,67,39,35,8,8,8,8,8,9,-8,0,0,0,0,0,-8,-8,-10,0,-8,0,-18,0,0,0,0,0,0,0,0,0]} 1. c4 b6 2. Nc3 Bb7 3. e4 e5 4. Nf3 (4. Nge2 Nc6 5. g3 Bc5 6. Bg2 h5 7. h3 d6 8. d3 Qd7 9. h4 f5 10. exf5 Qxf5 11. O-O {1-0 (40) Naiditsch,A (2695)-Meier,G (2628) Karlsruhe/Baden Baden 2019}) 4... Nc6 5. a3 Nf6 6. d3 {A10: English Opening: Unusual Replies for Black} Bc5 7. b4 Bd4 8. Nxd4 {White is slightly better.} Nxd4 9. f4 $146 ({Predecessor:} 9. Be3 c5 10. Rb1 d6 11. g3 O-O {0-1 (11) Massanet Cruz,J (1400)-Armstrong,A (2153) UECC email 2000}) 9... h5 10. fxe5 {[#] And now Be3 would win.} Ng4 11. Be2 $1 Qh4+ 12. g3 Qe7 $1 13. O-O $1 ({Much worse is} 13. Bxg4 hxg4 14. Nb5 Nxb5 $11) 13... Nxe5 14. Be3 (14. Bxh5 $14 a5 15. Nd5 Bxd5 16. cxd5 (16. exd5 c5 $16)) 14... Nxe2+ $11 15. Qxe2 h4 16. Nd5 Bxd5 $1 17. cxd5 hxg3 18. hxg3 c6 (18... O-O-O $15) 19. Rae1 O-O-O 20. d4 Ng6 21. dxc6 dxc6 22. Qc4 Qc7 {[%cal Rc7g3] [#]} ({Don't blunder} 22... Qxe4 $2 23. Qa6+ Kb8 24. Bf4+ Qxf4 25. Rxf4 $18) 23. e5 f6 $1 24. Rc1 Ne7 25. b5 Kb8 26. bxc6 Nd5 27. Bf2 g5 $132 {[%mdl 2048] White must now prevent ...Qh7.The position is equal. Black is fighting back} 28. Qc2 fxe5 29. dxe5 Qxe5 30. Rfd1 Nc7 31. Rd7 Qe6 32. Bd4 Rhe8 33. Rxd8+ Rxd8 34. Qc3 Re8 35. a4 Qd5 36. Rf1 Ka8 37. Bf2 Re6 {Hoping for ...Rh6.} 38. Qh8+ Re8 39. Qc3 Re6 {aiming for ...Rh6.} 40. Qh8+ Re8 {Accuracy: White = 64%, Black = 65%.} 1/2-1/2

[Event "Hunan Belt and Road Open 2019"]
[Site "Hunan"]
[Date "2019.08.01"]
[Round "4.7"]
[White "Batchuluun, Tsegmed"]
[Black "Motylev, Alexander"]
[Result "1/2-1/2"]
[WhiteElo "2535"]
[BlackElo "2654"]
[Annotator "TA"]
[PlyCount "29"]
[EventDate "2019.07.29"]
[EventType "swiss"]
[EventCountry "CHN"]
[SourceTitle "playchess.com"]
[Source "ChessBase"]
[SourceQuality "1"]

{[%evp 25,29,0,0,0,0,0]} 1. d4 Nf6 2. c4 e6 3. Nf3 d5 4. g3 Bb4+ 5. Bd2 Be7 6. Bg2 O-O 7. O-O c6 8. Qc2 Nbd7 9. Bf4 a5 10. a3 Nh5 (10... b6 11. Nbd2 Nh5 12. Be3 Nhf6 13. Bf4 Nh5 14. Be3 Nhf6 15. Bf4 {½-½ (15) Pantsulaia,L (2607)-Mareco,S (2635) Doha 2016}) 11. Bd2 Nhf6 12. Bf4 Nh5 13. Bd2 Nhf6 14. Bf4 $146 {E11: Bogo-Indian} ({Predecessor:} 14. Bc3 b6 15. Nbd2 Bb7 16. Ne5 Nxe5 17. dxe5 Nd7 18. cxd5 cxd5 19. b4 Ba6 20. Rfe1 Qc7 21. Qb2 Rac8 {0-1 (39) Czarnecki,W (2089)-Zarnowski,K (1817) Rewal 2013}) 14... Nh5 15. Bd2 1/2-1/2

[Event "Hunan Belt and Road Open 2019"]
[Site "Hunan"]
[Date "2019.08.01"]
[Round "4.8"]
[White "Parligras, Mircea-Emilian"]
[Black "Li, Di"]
[Result "1/2-1/2"]
[WhiteElo "2638"]
[BlackElo "2523"]
[Annotator "TA"]
[PlyCount "74"]
[EventDate "2019.07.29"]
[EventType "swiss"]
[EventCountry "CHN"]
[SourceTitle "playchess.com"]
[Source "ChessBase"]
[SourceQuality "1"]

{[%evp 14,74,12,5,15,15,15,15,15,8,9,0,0,8,0,2,19,0,0,-5,0,-10,0,0,0,-15,-15,-7,2,-18,0,-7,0,0,0,0,0,0,0,-37,-29,-41,-34,-37,-25,-33,-33,-25,-22,-23,-30,-19,-16,-39,-39,-34,-16,-18,0,-35,0,-21,0]} 1. e4 e5 2. Nf3 Nc6 3. Bc4 Bc5 4. c3 ({Predecessor:} 4. O-O Nf6 5. d3 h6 6. c3 d6 7. Re1 a5 8. Nbd2 O-O {½-½ (47) Bogner,S (2588)-Anton Guijarro,D (2647) Batumi 2018}) 4... Nf6 5. d3 O-O 6. O-O d6 7. h3 h6 8. Re1 a5 {C54: Giuoco Piano: 4 c3 Nf6, main lines with 5 d4 and 5 d3} 9. Nbd2 Be6 10. Bb5 Qb8 11. Nf1 $146 (11. Bxc6 bxc6 12. d4 exd4 13. cxd4 Bb4 14. a3 Bxd2 15. Nxd2 {½-½ (43) Giri,A (2797)-Ding,L (2809) Shenzhen 2019}) 11... Qa7 12. Re2 a4 13. Ng3 Qa5 14. Bxc6 bxc6 15. d4 Bb6 16. Be3 Rfe8 17. Qc1 Kh7 18. Qc2 Kg8 19. dxe5 dxe5 20. c4 {With the idea c5.} Nd7 21. Rc1 Bc5 22. Bxc5 Qxc5 23. Rd2 Reb8 24. Nf1 Rb4 {[%cal Rb4c4]} 25. Ne3 Rab8 26. Qc3 Nf6 27. Qxe5 Qxe5 28. Nxe5 Rxb2 29. Rdc2 Nxe4 30. Nxc6 Rxc2 31. Rxc2 Rb1+ 32. Kh2 Kf8 33. f3 Nd6 34. Kg3 Bd7 35. Ne5 Be6 36. Nc6 Bd7 37. Ne5 Be6 {Accuracy: White = 67%, Black = 64%.} 1/2-1/2

[Event "Hunan Belt and Road Open 2019"]
[Site "Hunan"]
[Date "2019.08.01"]
[Round "4.9"]
[White "Zhao, Jun"]
[Black "Tan, Zhongyi"]
[Result "1-0"]
[WhiteElo "2636"]
[BlackElo "2511"]
[Annotator "TA"]
[PlyCount "85"]
[EventDate "2019.07.29"]
[EventType "swiss"]
[EventCountry "CHN"]
[SourceTitle "playchess.com"]
[Source "ChessBase"]
[SourceQuality "1"]

{[%evp 9,85,0,0,0,1,0,-7,-7,-14,-7,-16,-35,24,19,29,27,27,36,22,34,27,40,26,36,35,35,71,67,81,20,21,12,50,39,97,97,97,107,112,97,108,116,136,135,138,140,146,158,150,155,479,484,435,327,406,412,398,379,387,361,385,378,387,375,541,538,529,519,839,825,816,816,5826,5539,2106,671,2038,1712]} 1. d4 Nf6 2. c4 e6 3. Nc3 Bb4 4. e3 O-O 5. Nge2 c6 (5... Re8 6. a3 Bf8 7. d5 d6 8. g3 exd5 9. cxd5 c5 10. Bg2 Nbd7 11. O-O c4 12. Nd4 Nc5 13. Qe2 Nd3 14. b3 Nxc1 15. Rfxc1 cxb3 {½-½ (74) Caruana,F (2822)-So,W (2780) Saint Louis 2018}) 6. a3 {E46: Nimzo-Indian: Rubinstein: 4 e3 0-0 5 Ne2 without early Bd3} Ba5 7. b4 Bc7 8. e4 {The position is equal.} d5 9. e5 Ne8 10. Ng3 Nd7 $146 (10... f6 $15) ({Predecessor:} 10... f6 11. f4 fxe5 12. fxe5 a5 13. Rb1 axb4 14. axb4 {½-½ (27) Tomashevsky,E (2699)-Zvjaginsev,V (2676) Moscow 2010}) 11. Bd3 dxc4 12. Bxc4 a5 13. Rb1 axb4 14. axb4 Nb6 15. Bd3 f5 16. Nge2 Nd5 17. Nxd5 cxd5 18. h4 Bd7 19. Nf4 (19. Bg5 $16 Qb8 20. O-O) 19... Bb6 $11 20. Be3 g6 21. g3 Rf7 (21... Qe7 $14) 22. Kf1 $16 Ng7 23. Kg2 Be8 24. Qd2 Rc7 25. Be2 Qc8 26. Rbc1 Rxc1 27. Rxc1 Qd7 28. Nh3 Qa4 29. Bd1 Qa7 $2 (29... Qd7 $16 {is a better chance.} 30. Nf4 Qf7) 30. Bg5 $18 Qa2 {Threatening ...Qxd2.} 31. Rc2 Qb1 {[#]} 32. Bf6 $1 {White wants to mate with Qh6.} f4 33. Nxf4 {Threatens to win with Bxg7.} Ra1 34. Bxg7 Qxd1 35. Qxd1 Rxd1 {[#]} 36. Rc8 $1 {Hoping for Bf6.} Kf7 (36... Kxg7 $142 37. Rxe8 Kf7) 37. Bf6 {White is clearly winning.} Rxd4 38. Rb8 Bc6 {[#]} (38... Bc7 $142 39. Rxb7 Rc4) 39. b5 $1 {[%mdl 512]} Ba7 (39... Bxb5 40. Rxb7+) 40. Rh8 Bd7 41. Rxh7+ Ke8 42. Rh8+ Kf7 43. Nh3 {Accuracy: White = 77%, Black = 46%.} 1-0

[Event "Hunan Belt and Road Open 2019"]
[Site "Hunan"]
[Date "2019.08.01"]
[Round "4.10"]
[White "Liu, Yan"]
[Black "Sethuraman, S.P."]
[Result "0-1"]
[WhiteElo "2516"]
[BlackElo "2630"]
[Annotator "TA"]
[PlyCount "52"]
[EventDate "2019.07.29"]
[EventType "swiss"]
[EventCountry "CHN"]
[SourceTitle "playchess.com"]
[Source "ChessBase"]
[SourceQuality "1"]

{[%evp 13,52,0,0,0,0,0,26,35,34,40,36,43,51,45,44,0,0,0,0,0,0,-57,-70,-432,-412,-439,-401,-627,-602,-577,-578,-964,-946,-916,-958,-950,-933,-927,-273,-577,-575]} 1. d4 Nf6 2. Nf3 d5 3. c4 e6 4. g3 Be7 5. Bg2 O-O 6. O-O dxc4 7. Qc2 b5 8. a4 {E05: Open Catalan: 5 Nf3 Be7} b4 9. Nfd2 Nd5 $146 (9... c6 10. Nxc4 Qxd4 11. Rd1 Qc5 12. Be3 Qh5 13. Nbd2 Ng4 14. Nf3 Nxe3 15. Nxe3 a5 {1-0 (54) Grischuk,A (2772)-Nakamura,H (2761) Moscow 2019}) 10. Nxc4 {White has an edge.} c5 11. dxc5 Ba6 12. Ne3 Nd7 $1 {[%cal Rd7c5]} 13. Nxd5 exd5 14. Bxd5 Rc8 $1 15. c6 Ne5 $1 {[%cal Bd7e5,Be5c6,Bc6e7][%mdl 32]} 16. Rd1 {[#] Hoping for Bxf7+!} Nxc6 $1 17. Qe4 (17. Bxf7+ $1 $11 Rxf7 18. Rxd8+ Bxd8 19. Be3) 17... Bf6 $15 {...Re8 is the strong threat.} 18. e3 $2 {[%mdl 8192]} ({White has to play} 18. Be3 $1 $15 Re8 19. Qf5) 18... Ne7 $19 19. Bxf7+ Kxf7 20. Rxd8 (20. Nc3 $142 Qa5 21. Rd6) 20... Rxc1+ 21. Kg2 Rxd8 22. Qxb4 Bf1+ 23. Kf3 Nc6 24. Qb3+ Rc4 {[%cal Rc6e5]} 25. g4 Ne5+ 26. Kg3 {[#] Black must now prevent Na3.} Rb8 $1 {[%mdl 512] Accuracy: White = 61%, Black = 81%.} 0-1

[Event "Hunan Belt and Road Open 2019"]
[Site "Hunan"]
[Date "2019.08.01"]
[Round "4.11"]
[White "Deac, Bogdan-Daniel"]
[Black "Bilguun, Sumiya"]
[Result "1-0"]
[WhiteElo "2621"]
[BlackElo "2482"]
[Annotator "TA"]
[PlyCount "83"]
[EventDate "2019.07.29"]
[EventType "swiss"]
[EventCountry "CHN"]
[SourceTitle "playchess.com"]
[Source "ChessBase"]
[SourceQuality "1"]

{[%evp 11,83,21,37,18,25,10,10,15,14,8,8,9,10,8,8,8,9,9,34,52,37,37,55,56,78,75,75,75,106,99,109,102,106,110,107,100,106,98,125,100,102,107,83,38,83,104,89,87,129,105,111,69,118,75,260,264,374,374,370,347,366,292,446,446,446,446,446,446,415,301,5104,5085,4610,446]} 1. d4 d5 2. c4 e6 3. Nf3 Nf6 4. g3 dxc4 5. Bg2 Bb4+ 6. Bd2 a5 7. a3 {E04: Open Catalan: 5 Nf3} Bxd2+ 8. Nbxd2 b5 9. b3 {The position is equal.} cxb3 10. Qxb3 c6 11. O-O O-O 12. Rfc1 Bb7 13. Qb2 Nbd7 14. Ne1 {[#]} e5 $146 ({Predecessor:} 14... Qb8) 15. Bxc6 Bxc6 16. Rxc6 exd4 17. Ndf3 {[%cal Bd2f3,Bf3d4,Bd4c6][%mdl 32]} Rb8 18. Nd3 ({Much weaker is} 18. Nxd4 Ne5 $11) 18... Re8 19. Nxd4 Ne5 20. Nxe5 Rxe5 {[#]} 21. Rc2 $1 {aiming for Nc6.} Qd7 22. Nc6 Rh5 {...Qh3! is the strong threat.} 23. f3 ({Reject} 23. Nxb8 $6 Qh3 $11) 23... Re8 24. e4 Rg5 25. Rac1 h6 26. Rd2 Qh3 27. Rg2 Nh5 28. Nd4 Qd7 29. Nf5 Kh7 30. Rd2 $36 {[%mdl 2048] White has strong initiative.} Qa7+ 31. Kh1 Qb8 32. Qb3 Rxf5 $2 (32... Rd8 $16 {was worth a try.} 33. Rxd8 Qxd8) 33. exf5 $18 Nxg3+ (33... Qb7 $142 34. Rd5 Nf6 35. Rxb5 {[%mdl 64] Double Attack} Qd7) 34. hxg3 Qxg3 {And now ...Re1+ would win.} 35. Qd3 Qf4 36. Rf1 b4 (36... Re5 {keeps fighting.} 37. Rh2 a4) 37. axb4 axb4 38. f6+ g6 39. Qd4 Qg5 40. Rh2 {Threatens to win with Qd7!} b3 $2 {[#]} (40... Qb5 41. Kg1 Re6) 41. Qd7 $1 Rf8 {[#]} 42. Qd2 {Accuracy: White = 75%, Black = 37%.} (42. Qe7 $142 $1 Kg8 43. Rg1) 1-0